Planning for gypsy and traveller caravan sites (Record no. 105152)

MARC details
000 -LEADER
fixed length control field 01324cam a2200229 4500
001 - CONTROL NUMBER
control field ##L132486
008 - FIXED-LENGTH DATA ELEMENTS--GENERAL INFORMATION
fixed length control field 060213n2006 000 0 eng u
020 ## - INTERNATIONAL STANDARD BOOK NUMBER
International Standard Book Number 0117539600
035 ## - SYSTEM CONTROL NUMBER
System control number (Sirsi) u132486
041 0# - LANGUAGE CODE
Language code of text/sound track or separate title eng
050 04 - LIBRARY OF CONGRESS CALL NUMBER
Classification number 306.76 $2 18
110 1# - MAIN ENTRY--CORPORATE NAME
Corporate name or jurisdiction name as entry element United Kingdom
Subordinate unit Department for Communities and Local Government
9 (RLIN) 4939
245 00 - TITLE STATEMENT
Title Planning for gypsy and traveller caravan sites
Medium [electronic resource]
260 ## - PUBLICATION, DISTRIBUTION, ETC.
Place of publication, distribution, etc. London
Name of publisher, distributor, etc. ODPM
Date of publication, distribution, etc. 2006
520 ## - SUMMARY, ETC.
Summary, etc. This Circular provides updated guidance on the planning aspects of finding sites for gypsies and travellers and how gypsies, travellers and local authorities can work together to achieve that aim. It replaces DoE Circular 01/94 "Gypsy sites and planning". It covers the planning process, transitional arrangements, sites in rural areas and the countryside, mixed planning use and major development projects. Also comments on applications, sustainability, enforcement, appeals, human rights, race relations and monitoring.
590 ## - LOCAL NOTE (RLIN)
Local note IKA140206
650 24 - SUBJECT ADDED ENTRY--TOPICAL TERM
Topical term or geographic name entry element ODPM CIRCULAR 01/2006
650 24 - SUBJECT ADDED ENTRY--TOPICAL TERM
Topical term or geographic name entry element DOE CIRCULAR 01/1994
690 ## - LOCAL SUBJECT ADDED ENTRY--TOPICAL TERM (OCLC, RLIN)
Topical term or geographic name as entry element ENVIRONMENTAL AND LAND CONSULTANCY-PLANNING AND DEVELOPMENT-DEVELOPMENT CONTROL
856 40 - ELECTRONIC LOCATION AND ACCESS
Uniform Resource Identifier <a href="https://www.communities.gov.uk/index.asp?id=1163380">https://www.communities.gov.uk/index.asp?id=1163380</a>
Hours access method available View the Circular free of charge at www.odpm.gov.uk...
942 ## - ADDED ENTRY ELEMENTS (KOHA)
Suppress in OPAC 0
Holdings
Withdrawn status Lost status Source of classification or shelving scheme Damaged status Not for loan Home library Current library Shelving location Date acquired Total Checkouts Full call number Barcode Date last seen Copy number Price effective from Koha item type
    Dewey Decimal Classification     Virtual Virtual Online 13/02/2006   ONLINE PUBLICATION 132486-2001 06/08/2019 1 06/08/2019 Book